000 01020nam a2200313Ia 4500
003 OSt
005 20221007123729.0
006 a|||||r|||| 00| 0
007 ta
008 221006b |||||||| |||| 00| 0 eng d
020 _a8173192294 (hbd)
024 _a8838
037 _bNarosa,
_cTextual
040 _aCDL
_cCDL
_beng
041 _2eng
_aeng
082 _aE191-2710, N8 Carc
100 _aSastri MVC Ed
_9717712
245 0 _aMetal hydrides: Fundamentals and applications
_b Viswanathan B Ed Murthy S Srinivasa Ed
260 _aNew
_bDelhi Narosa Publishing House
_c1998
300 _axii,189p. ill.
_ccm.
500 _aIncludes bibliographical references
650 _a Hydrides
_9717713
650 _a Metal
_9330740
650 _aChemistry
700 _a Murthy S Srinivasa Ed
_9717714
700 _a Viswanathan B Ed
_9717715
942 _hE191-2710, N8 Carc
_cTEXL
_2CC
999 _c1212402
_d1212402